| 000 | 01004nam a2200277 4500 | ||
|---|---|---|---|
| 001 | 113430 | ||
| 003 | DR-UNIBE | ||
| 005 | 20250910093452.0 | ||
| 008 | 250409b2023 dr ||||| |||| 00| 1 spa d | ||
| 020 | _a9789945223132 | ||
| 040 |
_aBIBLIOTECA UNIBE _bspa _cBIBLIOTECA UNIBE _erda |
||
| 041 | _aspa | ||
| 090 | _aFBIU-EB CI R175p | ||
| 100 | 1 | 0 |
_aRamos Miranda, Evelyn _9194067 _eautor |
| 245 | 1 | 3 |
_aEl país de los dulces / _cEvelyn Ramos Miranda; diagramación e ilustraciones: Daniel O. Polanco V. |
| 250 | _aPrimera edición | ||
| 260 |
_aSanto Domingo: _bEditora Búho, _c2023 |
||
| 300 |
_a19 páginas : _bilustraciones a color ; _c27 x 21 cm |
||
| 653 | 7 | _aCuentos infantiles dominicanos | |
| 653 | 7 | _aReinas - Cuentos infantiles domincanos | |
| 653 | 7 | _aAzucar - Cuentos infantiles domincanos | |
| 653 | 7 | _aSal - Cuentos infantiles dominicanos | |
| 653 | 7 | _aLiteratura infantil dominicana | |
| 700 | 0 |
_aPolanco Valerio, Daniel O. _9152696 _ediagramador _eilustrador |
|
| 942 |
_2ddc _cBK |
||
| 999 |
_c113430 _d113430 |
||